[Event "XXXII Open"]
[Site "Barbera ESP"]
[Date "2009.07.12"]
[Round "9"]
[White "Deshpande,Ani"]
[Black "Guramishvili,S"]
[Result "1/2-1/2"]
[WhiteElo "2211"]
[BlackElo "2339"]

1.e4 c5 2.Nf3 d6 3.d4 cxd4 4.Nxd4 Nf6 5.Nc3 a6 6.Be3 e5 7.Nb3 Be6 8.Qd2 Nbd7
9.f4 b5 10.O-O-O Be7 11.f5 Bc4 12.Kb1 a5 13.Bxc4 bxc4 14.Nc1 Rb8 15.g4 Qc7
16.Qg2 Qb7 17.b3 cxb3 18.axb3 Rc8 19.Nd5 Nxd5 20.exd5 a4 21.g5 axb3 22.cxb3 Rc3
23.Rhe1 O-O 24.f6 Bd8 25.fxg7 Re8 26.Bd4 Rxc1+ 27.Rxc1 Qxb3+ 28.Bb2 Bb6 29.Qc2 Qxd5
30.Red1 Qe6 31.Qc4 Qg6+ 32.Qd3 Bc5 33.Qxg6 hxg6 34.Rxc5 Nxc5 35.Rxd6 Ne4
36.Rd5 Nxg5 37.Rxe5 Rxe5 38.Bxe5 Nf3 39.Bb8 Kxg7 40.Kc2 Kf6 41.Kd3 Kf5 42.Ke3 Ne5
43.Bc7 g5 44.Kd4 Ng4 45.Bb8 f6 46.Bc7 Ke6 47.Ke4 f5+ 48.Kf3 Ne5+ 49.Ke3 Kd5
50.h3 f4+ 51.Kf2 Ke4 52.Bd8 Kf5 53.Bc7 Nc6 54.Kf3 Nd4+ 55.Kf2 Ne6 56.Bd6 Kg6
57.Kf3 Kh5 58.Be5 Kh4 59.Bf6 Nc5 60.Be7 Nb3 61.Kf2 Nd2 62.Bd8 Ne4+ 63.Kf3 Nd6
64.Bc7  1/2-1/2

[Event "61st ch-MNE"]
[Site "Cetinje MNE"]
[Date "2009.07.12"]
[Round "3"]
[White "Djukic,Ni"]
[Black "Ivanovic,B"]
[Result "1/2-1/2"]
[WhiteElo "2491"]
[BlackElo "2415"]

1.e4 c5 2.Nf3 d6 3.d4 cxd4 4.Nxd4 Nf6 5.Nc3 a6 6.Be3 e5 7.Nb3 Be6 8.f3 Be7
9.Qd2 Nbd7 10.O-O-O O-O 11.g4 Nb6 12.Qf2 Nfd7 13.h4 Rc8 14.Nd5 Nc4 15.Bxc4 Rxc4
16.Kb1 Bxd5 17.Rxd5 b5 18.Bg5 f6 19.Bd2 Qb8 20.Na5 Rcc8 21.Bb4 Rfd8 22.Qd2 Nf8
23.Rd1 Ne6 24.Bxd6 Bxd6 25.Rxd6 Rxd6 26.Qxd6 Qxd6 27.Rxd6 Nd4 28.f4 Nf3 29.Nc6 Re8
30.f5 Nxh4 31.Nd8 g6 32.Ne6 gxf5 33.gxf5 Nf3 34.Nc5 Kf7 35.Rxa6 h5 36.Ne6 h4
37.Ra7+ Kg8 38.Rg7+ Kh8 39.Rg6 Kh7 40.Rg7+ Kh8 41.Rg6  1/2-1/2

[Event "Open"]
[Site "Rethymno GRE"]
[Date "2009.07.13"]
[Round "3"]
[White "Ashwin,J"]
[Black "Banikas,H"]
[Result "0-1"]
[WhiteElo "2425"]
[BlackElo "2598"]

1.e4 c5 2.Nf3 d6 3.d4 cxd4 4.Nxd4 Nf6 5.Nc3 a6 6.Be3 e6 7.f3 b5 8.g4 h6 9.Qd2 Nbd7
10.O-O-O b4 11.Nce2 Qc7 12.h4 d5 13.Bh3 Ne5 14.g5 Nc4 15.Qd3 Nd7 16.Nf4 Nde5
17.Qe2 Nxe3 18.Qxe3 Nc4 19.Nfxe6 fxe6 20.Qe2 Qe5 21.f4 Qxe4 22.Qxe4 dxe4
23.Nxe6 Bd6 24.Rd4 Bxe6 25.Rxe4 hxg5 26.fxg5 Be5 27.Bxe6 Bxb2+ 28.Kd1 Rd8+
29.Ke2 Rd2+ 30.Ke1 Bc3 31.Bxc4+ Kd8 32.Kf1 Rf8+ 33.Kg1 Bd4+ 34.Rxd4+ Rxd4
35.Be2 Rd2 36.Bd3 Rd1+ 37.Kg2 Rxh1 38.Kxh1 Rh8 39.Kg2 Rxh4 40.Kg3 Rh5 41.Kf4 a5
42.Kf5 Rh3 43.Bc4 a4 44.Kg6 Rc3 45.Bf7 Rxc2 46.Kxg7 Ke7 47.g6 b3 48.axb3 a3
49.b4 a2 50.Bxa2 Rxa2 51.b5 Rb2 52.b6 Rxb6 53.Kh7 Rb8 54.Kg7 Ra8 55.Kh6 Kf6
56.g7 Rg8  0-1

[Event "32nd Aegean Open"]
[Site "Aghios Kirykos GRE"]
[Date "2009.07.14"]
[Round "4"]
[White "Sigalas,F"]
[Black "Bobras,P"]
[Result "1/2-1/2"]
[WhiteElo "2259"]
[BlackElo "2568"]

1.e4 c5 2.Nf3 d6 3.d4 cxd4 4.Nxd4 Nf6 5.Nc3 a6 6.Be3 e5 7.Nb3 Be7 8.f3 Be6
9.Qd2 O-O 10.O-O-O a5 11.Bb5 Nbd7 12.Na4 d5 13.exd5 Nxd5 14.Qxd5 Bxd5 15.Rxd5 Bg5  1/2-1/2

[Event "61st ch-MNE"]
[Site "Cetinje MNE"]
[Date "2009.07.14"]
[Round "5"]
[White "Kalezic,B"]
[Black "Krivokapic,M"]
[Result "1-0"]
[WhiteElo "2445"]
[BlackElo "2416"]

1.e4 c5 2.Nf3 d6 3.d4 cxd4 4.Nxd4 Nf6 5.Nc3 a6 6.Be3 e5 7.Nb3 Be6 8.f3 Nbd7
9.Qd2 Be7 10.g4 h6 11.O-O-O b5 12.Kb1 Nb6 13.Qf2 Rb8 14.Nc5 Bc8 15.Nd3 Nc4
16.Nb4 Nxe3 17.Qxe3 Qb6 18.Qd2 Qc5 19.Nbd5 Nxd5 20.Nxd5 Be6 21.Qe1 Rc8 22.c3 h5
23.gxh5 Rxh5 24.Be2 Bh4 25.Qf1 Bf2 26.h3 Kf8 27.f4 Rh4 28.Bg4 exf4 29.Nxf4 Bc4
30.Qg2 Re8 31.Rhf1 Bxf1 32.Rxf1 Rxg4 33.hxg4 Be3 34.Nd5 Bg5 35.Qh3 Kg8 36.Qh5 Bf6
37.Rh1  1-0

[Event "LTC Open A"]
[Site "Leiden NED"]
[Date "2009.07.14"]
[Round "5"]
[White "Van den Doel,E"]
[Black "Van der Wiel,J"]
[Result "1/2-1/2"]
[WhiteElo "2590"]
[BlackElo "2477"]

1.e4 c5 2.Nf3 d6 3.d4 cxd4 4.Nxd4 Nf6 5.Nc3 a6 6.Be3 e5 7.Nb3 Be6 8.Qd2 Nbd7
9.O-O-O b5 10.f3 Rc8 11.Kb1 Be7 12.g4 Nb6 13.h4 b4 14.Bxb6 Qxb6 15.Nd5 Nxd5
16.exd5 Bd7  1/2-1/2

[Event "ch-SUI"]
[Site "Graechen SUI"]
[Date "2009.07.15"]
[Round "7"]
[White "Stoeri,S"]
[Black "Wyss,J"]
[Result "1/2-1/2"]
[WhiteElo "1974"]
[BlackElo "2269"]

1.e4 c5 2.Nf3 d6 3.d4 cxd4 4.Nxd4 Nf6 5.Nc3 a6 6.Be3 e5 7.Nb3 Be6 8.f3 Be7
9.Qd2 O-O 10.O-O-O Nbd7 11.g4 b5 12.g5 b4 13.Ne2 Ne8 14.f4 a5 15.f5 a4 16.fxe6 axb3
17.exf7+ Rxf7 18.Kb1 bxc2+ 19.Kxc2 Nc5 20.Nc1 Nxe4 21.Qd5 Nxg5 22.Bxg5 Bxg5
23.Bc4 Ra7 24.Rhf1 Bf4 25.Qd3 Rc7 26.Kb1 d5 27.Bxd5 Kh8 28.Qe4 Nf6 29.Qf3 Rfd7
30.Bb3 Rxd1 31.Rxd1 Rxc1+ 32.Rxc1 Bxc1 33.Kxc1 e4 34.Qe3 h6 35.Bc2 Qd5 36.a3 bxa3
37.bxa3 Qe5 38.h3 g5 39.a4 Kg7 40.Qa7+ Kg6 41.Qe3 Kh5 42.a5 Qxa5 43.Qe2+ Kg6
44.Bxe4+ Nxe4 45.Qxe4+ Qf5 46.Qe8+ Qf7 47.Qe4+ Kg7 48.Qd4+ Qf6 49.Qd7+ Kg6
50.Qe8+ Kf5 51.Qh5 Qd6 52.Qg4+ Kf6 53.Qh5 Kg7 54.Kb2 Qg6 55.Qe2 h5 56.Qe7+ Kh6
57.Kc1 Qc6+ 58.Kd2 Kg6 59.Qf8 Qd5+ 60.Ke1 h4 61.Ke2 Qe6+ 62.Kd1 Qxh3 63.Qe8+ Kg7
64.Qe5+ Kg6 65.Qe8+ Kf6 66.Qh8+ Kf7 67.Qh7+ Ke6 68.Qg6+ Ke5 69.Qxg5+ Ke4
70.Qg6+ Ke3 71.Qb6+ Kf3 72.Qc6+ Kf2 73.Qc5+ Qe3 74.Qxe3+ Kxe3 75.Ke1 Kf3  1/2-1/2

[Event "Open"]
[Site "Rethymno GRE"]
[Date "2009.07.15"]
[Round "5"]
[White "Zubarev,Al1"]
[Black "Pountzas,H"]
[Result "1-0"]
[WhiteElo "2548"]
[BlackElo "2177"]

1.e4 c5 2.Nf3 d6 3.d4 cxd4 4.Nxd4 Nf6 5.Nc3 a6 6.Be3 e5 7.Nf3 Qc7 8.a4 Be6
9.Ng5 Bc4 10.Bxc4 Qxc4 11.a5 Nbd7 12.Ra4 Qc6 13.O-O Be7 14.Qd3 Rc8 15.Rfa1 O-O
16.Nf3 Rfd8 17.Nd2 Nc5 18.Bxc5 dxc5 19.Qe2 Rd4 20.Rc4 Rcd8 21.Nf3 Rxc4 22.Qxc4 Bd6
23.Rd1 Qc7 24.Ra1 Qc6 25.Nd2 Bb8 26.Nb3 Ba7 27.Re1 Kf8 28.h3 Rd6 29.Re2 Rd7
30.Re1 h6 31.g3 Rd8 32.Kh2 Rd7 33.Re2 Rd8 34.Na4 Rc8 35.Nd2 Qb5 36.Qxb5 axb5
37.Nc3 b4 38.Nb5 Ra8 39.Nc4 Bb8 40.f3 Ra6 41.Rd2 Ke7 42.Kg2 Rc6 43.Kf2 g6
44.g4 Ne8 45.Ke3 f6 46.h4 Ng7 47.Nb6 Ke8 48.Nd7 Bc7 49.Nxf6+ Kf7 50.Rd7+ Kxf6
51.Nxc7  1-0

[Event "ch-SUI"]
[Site "Graechen SUI"]
[Date "2009.07.16"]
[Round "8"]
[White "Lehmann,Marc"]
[Black "Pahud,C"]
[Result "1-0"]
[WhiteElo "2268"]
[BlackElo "2114"]

1.e4 c5 2.Nf3 d6 3.d4 cxd4 4.Nxd4 Nf6 5.Nc3 a6 6.Be3 e5 7.Nde2 Be7 8.Ng3 Be6
9.Be2 O-O 10.O-O Nbd7 11.Nd5 Bxd5 12.exd5 Re8 13.a4 Nb6 14.c4 a5 15.Ra3 Nfd7
16.Qb3 Nc5 17.Qb5 Nbd7 18.Bg4 Nf6 19.Bh3 Qc7 20.Rd1 Ra6 21.Bxc5 dxc5 22.Rb3 Rb8
23.Re3 Ne8 24.Rde1 f6 25.Qb3 g6 26.f4 Bd6 27.Qc3 Raa8 28.Be6+ Kh8 29.f5 g5
30.Ne4 Bf8 31.Rh3 Qe7 32.Qf3 b6 33.d6 Nxd6 34.Nxd6 Qxd6 35.Rxh7+ Kxh7 36.Qh5+  1-0

[Event "Corporation Centre Cup"]
[Site "Izhevsk RUS"]
[Date "2009.07.16"]
[Round "2"]
[White "Kostitsina,L"]
[Black "Igambergenov,A"]
[Result "0-1"]
[WhiteElo "1871"]
[BlackElo "2131"]

1.e4 c5 2.Nf3 d6 3.d4 cxd4 4.Nxd4 Nf6 5.Nc3 a6 6.Be3 e5 7.Nb3 Be6 8.Be2 Be7
9.Nd5 Bxd5 10.exd5 O-O 11.c4 Nbd7 12.O-O Rc8 13.Rc1 Re8 14.Qd3 Bf8 15.Rfd1 g6
16.Nd2 Bg7 17.b4 e4 18.Qb1 b5 19.Nb3 bxc4 20.Bxc4 Nb6 21.Bxa6 Rxc1 22.Qxc1 Nfxd5
23.Nd4 Nxb4 24.Nc6 Nxc6 25.Qxc6 Nc8 26.Bxc8 Qxc8 27.Rxd6 Qb8 28.Rd1 Qa8 29.Qxa8 Rxa8
30.Kf1 Be5 31.Rd2 f5 32.g3 Kg7 33.Kg2 Kf6 34.h4 Ke6 35.Rc2 Bd6 36.Rb2 Rb8
37.Rd2 Rb5 38.Kh3 Ra5 39.Kg2 Ra3 40.Rb2 Ra5 41.Rb7 h5 42.Rb2 f4  0-1

[Event "TCh Eur-Youth U18"]
[Site "Pardubice CZE"]
[Date "2009.07.16"]
[Round "1"]
[White "Firat,B"]
[Black "Petrisor,A"]
[Result "0-1"]
[WhiteElo "2310"]
[BlackElo "2322"]

1.e4 c5 2.Nf3 d6 3.d4 cxd4 4.Nxd4 Nf6 5.Nc3 a6 6.Be3 e5 7.Nb3 Be6 8.Qd2 Be7
9.O-O-O O-O 10.f4 exf4 11.Bxf4 Nh5 12.g3 Nc6 13.Kb1 Nxf4 14.gxf4 Rc8 15.Rg1 Kh8
16.e5 Qb6 17.Qg2 Rg8 18.exd6 Bf6 19.Ne4 Nb4 20.Bd3 Nxd3 21.Rxd3 Rcd8 22.Rgd1 a5
23.Nd4 Bd5 24.Ng5 Bxg5 25.Qxd5 Bxf4 26.Nf5 f6 27.d7 a4 28.Rh3 Be5 29.c3 a3
30.Qb3 Qxb3 31.axb3 g6 32.Nh4 axb2 33.Kxb2 Rg7 34.Rhd3 Bxh2 35.Nf3 Be5 36.Ka3 g5
37.Kb4 g4 38.Nh4 Rg5 39.c4 g3 40.Nf3 Rg7 41.Nxe5 fxe5 42.Rg1 Rdxd7 43.Rxd7 Rxd7
44.Rxg3 e4 45.Re3 Re7 46.Kc5 Kg7 47.Kd6 Kf6 48.b4 Re6+ 49.Kd5 Kf5 50.Rh3 e3
51.Rh5+ Kg4 52.Rh1 Re8 53.Rxh7 e2 54.Rh1 Rd8+  0-1

[Event "32nd Aegean Open"]
[Site "Aghios Kirykos GRE"]
[Date "2009.07.17"]
[Round "7"]
[White "Tassopoulos,M"]
[Black "Spirin,O"]
[Result "0-1"]
[WhiteElo "2249"]
[BlackElo "2466"]

1.e4 c5 2.Nf3 d6 3.d4 cxd4 4.Nxd4 Nf6 5.Nc3 a6 6.Be3 e6 7.Qf3 Qc7 8.O-O-O Nbd7
9.Be2 b5 10.a3 Bb7 11.g4 Nc5 12.Bd3 Nxd3+ 13.cxd3 d5 14.Nc2 dxe4 15.dxe4 Rc8
16.Rd2 Bxa3 17.Bf4 Qxc3 18.Qxc3 Rxc3 19.Rhd1 Rc8 20.bxa3 Bxe4 21.Kb2 Rxc2+
22.Rxc2 Bxc2 23.Kxc2 Nd5 24.Be3 Nxe3+ 25.fxe3 Ke7 26.a4 Rc8+ 27.Kb3 Rc4 28.axb5 axb5
29.h3 Re4 30.Rd3 h5 31.gxh5 Rh4 32.h6 gxh6  0-1

[Event "ch-SUI"]
[Site "Graechen SUI"]
[Date "2009.07.17"]
[Round "9"]
[White "Schaerer,J"]
[Black "Georgiadis,N"]
[Result "1-0"]
[WhiteElo "1975"]
[BlackElo "2085"]

1.e4 c5 2.Nf3 d6 3.d4 cxd4 4.Nxd4 Nf6 5.Nc3 a6 6.Be3 Ng4 7.Bc1 Nf6 8.Be3 e5
9.Nf3 Be7 10.Bc4 O-O 11.O-O Be6 12.Bb3 Nc6 13.Bg5 Na5 14.Bxf6 Bxf6 15.Nd5 Bxd5
16.Bxd5 Rc8 17.Qd3 Qc7 18.c3 Be7 19.Rfd1 g6 20.Rac1 b5 21.Rc2 Kh8 22.b3 Rcd8
23.c4 b4 24.Qd2 Nc6 25.Bxc6 Qxc6 26.Qd5 Qb6 27.Rcd2 Rc8 28.h3 Rc5 29.Qd3 f5
30.Qe3 fxe4 31.Qxe4 Rf4 32.Qe3 Qa5 33.Kh2 Rf5 34.Qe4 Kg7 35.Re2 Qc7 36.Kg1 Rf4
37.Qe3 g5 38.Red2 Qa5 39.Re2 h5 40.g3 Rf5 41.Nd4 exd4 42.Qxe7+ Rf7 43.Qxd6 Rcf5
44.Qxd4+ Kg6 45.Re6+ Kh7 46.Qd6  1-0

[Event "LTC Open A"]
[Site "Leiden NED"]
[Date "2009.07.17"]
[Round "7"]
[White "Vovk,A"]
[Black "Soumya,Sw"]
[Result "1-0"]
[WhiteElo "2506"]
[BlackElo "2309"]

1.e4 c5 2.Nf3 d6 3.d4 cxd4 4.Nxd4 Nf6 5.Nc3 a6 6.Be3 e6 7.f3 b5 8.Qd2 Nbd7
9.g4 h6 10.Bd3 b4 11.Nce2 d5 12.exd5 Nxd5 13.O-O-O Ne5 14.Bf2 Nxd3+ 15.Qxd3 Qc7
16.Bg3 Qb6 17.Nf4 Nxf4 18.Bxf4 Be7 19.h4 Ra7 20.Be5 O-O 21.g5 h5 22.g6 f6
23.f4 fxe5 24.Qe2 Rf6 25.Qxh5 Rxg6 26.Qxg6 exd4 27.Qe8+ Bf8 28.Qxc8 Rc7 29.Qe8 b3
30.a3 Rxc2+ 31.Kb1 Qd6 32.Qa4 Qd5 33.Qxd4 Qf5 34.Qd3 Qxf4 35.Qxb3 Re2 36.Ka1 Be7
37.Rde1 Qe4 38.Qd1 Re3 39.Rxe3 Qxe3 40.Re1 Qg3 41.Rxe6 Bf6 42.Ka2 Qxh4 43.Rxa6 Kh7
44.Qc2+ Kh6 45.Ra4 Qg3 46.Rb4 Qe5 47.Qe4  1-0

[Event "TCh Eur-Youth U18"]
[Site "Pardubice CZE"]
[Date "2009.07.17"]
[Round "2"]
[White "Poetz,F"]
[Black "Swiercz,D"]
[Result "0-1"]
[WhiteElo "2364"]
[BlackElo "2492"]

1.e4 c5 2.Nf3 d6 3.d4 cxd4 4.Nxd4 Nf6 5.Nc3 a6 6.Be3 e5 7.Nb3 Be7 8.f3 Be6
9.Qd2 O-O 10.O-O-O Nbd7 11.g4 b5 12.g5 b4 13.Ne2 Ne8 14.h4 a5 15.Kb1 Nb6
16.Ng3 a4 17.Nc1 d5 18.Bxb6 Qxb6 19.exd5 Rd8 20.Bc4 Nc7 21.dxe6 Rxd2 22.exf7+ Kh8
23.Rxd2 Nb5 24.Bxb5 Qxb5 25.Ne4 Rxf7 26.Rd3 Kg8 27.Rhd1 Bf8 28.h5 Qc6 29.R1d2 Rf5
30.Ne2 Rxf3 31.Rxf3 Qxe4 32.Rf1 Qg2 33.Rg1 Qh2 34.g6 hxg6 35.hxg6 e4 36.Rf1 Qg2
37.Rg1 Qf2 38.Rh1 a3 39.Rd5 Qf6 40.Nd4 Qxg6 41.Re5 Bd6 42.Re6 Qg2 43.Rd1 Bc5
44.Nb3 Bf2 45.Nc1 e3 46.bxa3 Qg4 47.Re8+ Kf7 48.Rdd8 bxa3 49.Rb8 Qd1 50.Rbd8 e2
51.Rxe2 Qxd8 52.Rxf2+ Ke6 53.Nd3 Qb6+ 54.Kc1 g5 55.Rf8 Qg1+ 56.Kd2 Qa1 57.Rg8 Kf5  0-1

[Event "Open"]
[Site "Rethymno GRE"]
[Date "2009.07.17"]
[Round "7"]
[White "Ashwin,J"]
[Black "Pountzas,H"]
[Result "1-0"]
[WhiteElo "2425"]
[BlackElo "2177"]

1.e4 c5 2.Nf3 d6 3.d4 cxd4 4.Nxd4 Nf6 5.Nc3 a6 6.Be3 e6 7.f3 b5 8.g4 h6 9.Qd2 Nbd7
10.O-O-O b4 11.Na4 Ne5 12.b3 Bd7 13.Nb2 d5 14.Bf4 Nxf3 15.Nxf3 Nxe4 16.Qd4 Qa5
17.Bd3 Nc3 18.Rde1 Qxa2 19.Nd1 Rc8 20.Nxc3 Rxc3 21.Kd2 Bb5 22.Ra1 Rxd3+ 23.Qxd3 Qxa1
24.Rxa1 Bxd3 25.cxd3 Be7 26.Rxa6 O-O 27.Bd6 Bxd6 28.Rxd6 Rb8 29.Nd4 Kh7 30.Rd7 Kg6
31.Nc6 Rb6 32.Ne5+  1-0

[Event "61st ch-MNE"]
[Site "Cetinje MNE"]
[Date "2009.07.18"]
[Round "8"]
[White "Mijovic,S"]
[Black "Ivanovic,B"]
[Result "1/2-1/2"]
[WhiteElo "2325"]
[BlackElo "2415"]

1.e4 c5 2.Nf3 d6 3.d4 cxd4 4.Nxd4 Nf6 5.Nc3 a6 6.Be3 e6 7.Be2 Be7 8.f4 Nc6
9.O-O O-O 10.Qe1 Nxd4 11.Bxd4 b5 12.a3 Bb7 13.Qg3 g6 14.Bd3 d5 15.e5 Ne4
16.Qe3 Nxc3 17.bxc3 Bc8 18.g4 f5 19.exf6 Bxf6 20.g5 Bxd4 21.cxd4 Bd7 22.h4 Rf7
23.Rf2 Qe7 24.h5 gxh5 25.Rh2 Qd6 26.Rxh5 Qxf4 27.Bxh7+ Kg7 28.Qxf4 Rxf4 29.Bd3 Rh8
30.Rxh8 Kxh8 31.Rf1 Rg4+ 32.Kh2 Kg7 33.Rf3 Rxg5 34.Rg3 Kf6 35.Rxg5 Kxg5 36.Kg3 Be8
37.c3 Bh5 38.Bc2 Bg6 39.Bd1 Be4 40.Bg4 Bf5 41.Bf3 Bg6 42.Bg4 Bf7 43.Bh3 a5
44.Bf1 Be8 45.Bd3 Bc6 46.Bc2 Bb7 47.Bd3 Ba6 48.Bc2 a4 49.Bb1 Bb7 50.Bd3 Bc6
51.Bc2 Bd7 52.Bb1 e5 53.dxe5 Bf5 54.Ba2 Be4 55.e6 Kf6 56.Kf4 Kxe6 57.c4 bxc4
58.Bxc4 Kd6 59.Ba2 Kc5 60.Ke3 Bf5 61.Kd2 d4 62.Bf7 Be4 63.Be8 Bc6 64.Bf7 Bb5
65.Be6 Bc4 66.Bd7  1/2-1/2

[Event "Corporation Centre Cup"]
[Site "Izhevsk RUS"]
[Date "2009.07.19"]
[Round "5"]
[White "Vokarev,S"]
[Black "Ivanov,Andrew"]
[Result "1/2-1/2"]
[WhiteElo "2517"]
[BlackElo "2407"]

1.e4 c5 2.Nf3 d6 3.d4 Nf6 4.Nc3 cxd4 5.Nxd4 a6 6.Be3 e6 7.Be2 Qc7 8.a4 b6
9.f4 Be7 10.O-O Bb7 11.Bf3 Nbd7 12.Qe2 O-O 13.Bf2 Rfe8 14.e5 dxe5 15.fxe5 Bxf3
16.Nxf3 Nd5 17.Nxd5 exd5 18.e6 Bc5 19.exf7+ Kxf7 20.Qd3 Nf6 21.Kh1 Bxf2 22.Rxf2 Qc4
23.Qf5 Kg8 24.c3 Re7 25.Ne5 Qc5 26.Raf1 Rae8 27.Ng4 Nd7 28.h3 d4 29.cxd4 Qxd4
30.Rf4 Qd6 31.Qc2 Re1 32.Rf3 a5 33.Qc4+ Kh8 34.Qc3 Rxf1+ 35.Rxf1 h6 36.Rf7 Ne5
37.Nxe5 Qxe5 38.Qxe5 Rxe5 39.Rb7 Re4 40.Rxb6 Rxa4  1/2-1/2

[Event "61st ch-MNE"]
[Site "Cetinje MNE"]
[Date "2009.07.21"]
[Round "11"]
[White "Kalezic,B"]
[Black "Benderac,S"]
[Result "1-0"]
[WhiteElo "2445"]
[BlackElo "2373"]

1.e4 c5 2.Nf3 d6 3.d4 cxd4 4.Nxd4 Nf6 5.Nc3 a6 6.Be3 e5 7.Nb3 Be6 8.f3 Be7
9.Qd2 Nbd7 10.g4 O-O 11.g5 Nh5 12.O-O-O Nb6 13.Kb1 Rc8 14.Rg1 Qc7 15.Nd5 Nxd5
16.exd5 Bf5 17.Bd3 Bxd3 18.Qxd3 Qc4 19.Qd2 Rfe8 20.Rg4 Qc7 21.Qd3 Nf4 22.Bxf4 exf4
23.Nd2 Bxg5 24.Rxg5 Re3 25.Qf1 Qxc2+ 26.Ka1 Rc5 27.Rg2 Rd3 28.Re1 Re3 29.Rxe3 fxe3
30.Nb1 Qf5 31.Qg1 Rxd5 32.Rxg7+ Kf8 33.Rg8+ Ke7 34.Qxe3+ Re5 35.Qc3 Rc5 36.Qe1+  1-0

[Event "2nd Open"]
[Site "Paleohora GRE"]
[Date "2009.07.21"]
[Round "1"]
[White "Kalogeris,I"]
[Black "Neverov,V"]
[Result "0-1"]
[WhiteElo "1843"]
[BlackElo "2561"]

1.e4 c5 2.Nf3 d6 3.d4 cxd4 4.Nxd4 Nf6 5.Nc3 a6 6.Be3 e5 7.Nde2 Ng4 8.Nd5 Nxe3
9.Nxe3 Be7 10.Nc3 O-O 11.a4 Be6 12.Ncd5 Nd7 13.Bc4 Rc8 14.Qe2 Nb6 15.Bb3 Bg5
16.Rd1 Bxe3 17.Nxe3 Qd7 18.a5 Na4 19.O-O Nxb2 20.Rb1 Na4 21.Bxa4 Qxa4 22.Rxb7 Qxe4
23.Rb6 Bc4 24.Qg4 Qxg4 25.Nxg4 Bxf1 26.Kxf1 Rxc2 27.Rxd6 f6 28.Rxa6 Rb8 29.g3 Rbb2
30.Ra8+ Kf7 31.a6 Ra2 32.a7 Kg6 33.Kg2 h5 34.Ne3 Rxf2+ 35.Kg1 Rfe2 36.Nf1 Rg2+
37.Kh1 Rgc2 38.Kg1 Rc7 39.Rb8 Rcxa7 40.Rb1 Ra1 41.Rb4 Rc7 42.g4 Rcc1 43.gxh5+ Kxh5  0-1

[Event "2nd Open"]
[Site "Paleohora GRE"]
[Date "2009.07.21"]
[Round "1"]
[White "Sengupta,D"]
[Black "Georgiou,K"]
[Result "1-0"]
[WhiteElo "2488"]
[BlackElo "2263"]

1.e4 c5 2.Nf3 d6 3.d4 cxd4 4.Nxd4 Nf6 5.Nc3 a6 6.Be3 e5 7.Nde2 Be6 8.f4 Ng4
9.Bg1 Be7 10.h3 Nf6 11.Qd2 b5 12.O-O-O b4 13.Nd5 Bxd5 14.exd5 Nbd7 15.g4 a5
16.Ng3 exf4 17.Nf5 O-O 18.Qxf4 Ne5 19.Kb1 Nfd7 20.h4 Re8 21.g5 Bf8 22.h5 Rc8
23.Bd4 Qc7 24.Rh2 a4 25.b3 axb3 26.cxb3 Qa5 27.Ne3 Rc7 28.Bh3 Rd8 29.Rf2 Nc5
30.Bf5 Qa3 31.Bb2 Qa7 32.g6 Ra8 33.Bd4 Qa3 34.Bxe5 dxe5 35.Qxe5 Re7 36.gxf7+ Kh8
37.Be6 Ra6 38.h6 Nxe6 39.dxe6  1-0

[Event "TCh Eur-Youth U18"]
[Site "Pardubice CZE"]
[Date "2009.07.21"]
[Round "6"]
[White "Mihok,O"]
[Black "Stocko,J"]
[Result "1-0"]
[WhiteElo "2357"]
[BlackElo "2138"]

1.e4 c5 2.Nf3 d6 3.d4 cxd4 4.Nxd4 Nf6 5.Nc3 a6 6.Be3 e5 7.Nb3 Be6 8.Qd2 Be7
9.O-O-O O-O 10.f4 Ng4 11.g3 Nxe3 12.Qxe3 Nc6 13.Kb1 a5 14.f5 Bxb3 15.cxb3 Nd4
16.h4 Qd7 17.Bc4 b5 18.Bd5 Rac8 19.Rc1 Rc5 20.Qd3 Rfc8 21.a3 b4 22.axb4 axb4
23.Ne2 Nxe2 24.Rxc5 Rxc5 25.Qxe2 Qa7 26.g4 Ra5 27.Kc2 Bd8 28.g5 Kh8 29.Rf1 Qc5+
30.Kb1 Qa7 31.Kc2 Qc5+ 32.Bc4 Ra2 33.f6 Ra7 34.Kb1 Rd7 35.Qh5 Qa7 36.fxg7+ Kxg7
37.Qh6+ Kg8 38.g6 hxg6 39.Qxg6+ Kf8 40.Qh6+ Kg8 41.Qg6+ Kf8 42.h5 Bb6 43.h6 Bf2
44.Qg7+  1-0

[Event "TCh Eur-Youth U18"]
[Site "Pardubice CZE"]
[Date "2009.07.21"]
[Round "6"]
[White "Swiercz,D"]
[Black "Yilmaz,M"]
[Result "1-0"]
[WhiteElo "2492"]
[BlackElo "2432"]

1.e4 c5 2.Nf3 d6 3.d4 cxd4 4.Nxd4 Nf6 5.Nc3 a6 6.Be3 e5 7.Nb3 Be7 8.f3 Be6
9.Qd2 O-O 10.O-O-O a5 11.a4 Nc6 12.g4 Nb4 13.Kb1 Qb8 14.g5 Nh5 15.Bb5 Rc8
16.h4 f5 17.Bb6 Nf4 18.Bxa5 Rxa5 19.Nxa5 Qa8 20.Nb3 Rc7 21.Rhe1 Qc8 22.Rc1 Kf8
23.Ne2 Nxe2 24.Rxe2 Nc6 25.Re3 f4 26.Rc3 Na7 27.Rxc7 Qxc7 28.Qd3 Nxb5 29.axb5 Qc4
30.Rd1 Qxd3 31.Rxd3 Bc4 32.Rc3 Bxb5 33.Rc8+ Kf7 34.c4 Ba4 35.Nd2 Be8 36.Rb8 h6
37.g6+ Kf8 38.h5  1-0

[Event "TCh Eur-Youth U18"]
[Site "Pardubice CZE"]
[Date "2009.07.21"]
[Round "6"]
[White "Pecha,T"]
[Black "Petenyi,T"]
[Result "0-1"]
[WhiteElo "2213"]
[BlackElo "2308"]

1.e4 c5 2.Nf3 d6 3.d4 cxd4 4.Nxd4 Nf6 5.Nc3 a6 6.Be3 e6 7.Be2 Be7 8.f4 O-O
9.Bf3 Qc7 10.Qd2 Nc6 11.g4 Nxd4 12.Bxd4 e5 13.Bf2 exf4 14.g5 Nd7 15.Nd5 Qd8
16.h4 Ne5 17.Be2 f3 18.Bf1 Be6 19.Nf4 Kh8 20.Bd4 f2+ 21.Qxf2 Qa5+ 22.Bc3 Qa4
23.Bd3 Rac8 24.Bxe5 dxe5 25.Nxe6 fxe6 26.Qb6 Rxc2 27.Bxc2 Qxc2 28.Qxb7 Qf2+
29.Kd1 Rd8+ 30.Kc1 Qd2+ 31.Kb1 Qd3+ 32.Kc1 Bc5  0-1

[Event "13th Battle of Senta Open A"]
[Site "Senta SRB"]
[Date "2009.07.21"]
[Round "5"]
[White "Todorovic,GM"]
[Black "Krstic,P"]
[Result "1-0"]
[WhiteElo "2458"]
[BlackElo "2309"]

1.e4 c5 2.Nf3 d6 3.d4 cxd4 4.Nxd4 Nf6 5.Nc3 a6 6.Be3 e5 7.Nde2 Be7 8.Ng3 Be6
9.Be2 O-O 10.O-O d5 11.exd5 Nxd5 12.Nxd5 Bxd5 13.Nf5 Nc6 14.Nxe7+ Nxe7 15.Bc5 Re8
16.c4 Bc6 17.Qxd8 Raxd8 18.Rfd1 Nf5 19.Bb6 Rxd1+ 20.Rxd1 Nd4 21.Bf1 Re6 22.Bxd4 Rd6
23.f3 exd4 24.Kf2 a5 25.Ke2 f5 26.Kd3 b6 27.b3 Kf7 28.Rd2 Kf6 29.a3 Be8 30.b4 axb4
31.axb4 b5 32.c5 Rd8 33.Ra2 Bf7 34.Ra6+ Ke5 35.Kd2 Bc4 36.Bd3 g6 37.Ra7 Kf4
38.c6 Ke5 39.c7 Rg8 40.Bxc4 bxc4 41.Rb7 Rc8 42.b5 d3 43.b6 Ra8 44.Ra7 Re8
45.b7 Kd4 46.c8=Q  1-0

[Event "MTO"]
[Site "Biel SUI"]
[Date "2009.07.22"]
[Round "3"]
[White "Shomoev,A"]
[Black "Stella,A"]
[Result "1/2-1/2"]
[WhiteElo "2580"]
[BlackElo "2301"]

1.e4 c5 2.Nf3 d6 3.d4 cxd4 4.Nxd4 Nf6 5.Nc3 a6 6.Be3 e6 7.f3 b5 8.Qd2 Nbd7
9.g4 Nb6 10.a4 Nc4 11.Bxc4 bxc4 12.a5 Bb7 13.Na4 d5 14.g5 Nd7 15.O-O-O dxe4
16.Qc3 Qe7 17.fxe4 Qb4 18.Qxb4 Bxb4 19.Bd2 Bc5 20.Bc3 Be7 21.h4 Bxe4 22.Rhe1 Bb7
23.Kb1 Rd8 24.Ka2 Nc5 25.Nxc5 Bxc5 26.Nf5 O-O 27.Nxg7 Bf3 28.Rxd8 Rxd8 29.Rf1 Be2
30.Re1 Bf3 31.Rf1 Be2 32.Re1  1/2-1/2

[Event "Synthesia Rapid Open"]
[Site "Pardubice CZE"]
[Date "2009.07.22"]
[Round "1"]
[White "Korinek,O"]
[Black "Navara,D"]
[Result "0-1"]
[WhiteElo "2275"]
[BlackElo "2687"]

1.e4 c5 2.Nf3 d6 3.d4 cxd4 4.Nxd4 Nf6 5.Nc3 a6 6.Be3 e5 7.Nb3 Be6 8.f3 Be7
9.Qd2 Nbd7 10.O-O-O b5 11.g4 Nb6 12.g5 Nfd7 13.Kb1 O-O 14.Nd5 Bxd5 15.exd5 f5
16.h4 Rc8 17.Na5 Nb8 18.f4 e4 19.h5 Qc7 20.Rh2 Bd8 21.h6 g6 22.Qd4 Rf7 23.b3 Qc3
24.Nc6 Qxd4 25.Rxd4 Nxc6 26.dxc6 Rxc6 27.Rhd2 Rd7 28.a4 bxa4 29.Bxa6 Nd5
30.Rxd5 Rxa6 31.b4 Rb7 32.Rxd6 Rxd6 33.Rxd6 Be7 34.Ra6 Bxb4 35.Ka2 a3 36.Bd4 Bd2
37.c4 Bxf4 38.c5 e3 39.Re6 Kf7 40.Bxe3 Kxe6 41.Bxf4 Kd5  0-1

[Event "17th Open"]
[Site "Saint Affrique FRA"]
[Date "2009.07.22"]
[Round "6"]
[White "Riff,JN"]
[Black "Bujisho,B"]
[Result "0-1"]
[WhiteElo "2505"]
[BlackElo "2404"]

1.e4 c5 2.Nf3 d6 3.d4 cxd4 4.Nxd4 Nf6 5.Nc3 a6 6.Be3 e5 7.Nb3 Be6 8.Be2 Be7
9.O-O O-O 10.a4 Nbd7 11.a5 Rc8 12.Qd2 Qc7 13.Rfd1 Rfd8 14.Nc1 Nc5 15.Nd5 Nxd5
16.exd5 Bf5 17.c4 Qb8 18.b4 Ne4 19.Qe1 Bg6 20.Bd3 Nf6 21.Bxg6 hxg6 22.Qe2 Nd7
23.Nb3 e4 24.Bd4 Re8 25.Rac1 Bg5 26.Rc3 Ne5 27.Bxe5 Rxe5 28.c5 f5 29.Rc4 Rce8
30.c6 f4 31.Nd2 bxc6 32.dxc6 d5 33.Rd4 Qc8 34.b5 f3 35.gxf3 Bf4 36.Nf1 Qh3
37.fxe4 Bxh2+ 38.Nxh2 Rg5+ 39.Ng4 Rxg4+ 40.Qxg4 Qxg4+ 41.Kf1 Qh3+ 42.Ke1 Qc3+
43.R1d2 axb5  0-1

[Event "zt 3.3"]
[Site "Ho Chi Minh City VIE"]
[Date "2009.07.23"]
[Round "1"]
[White "Nguyen Van Hai"]
[Black "Dao Thien Hai"]
[Result "1/2-1/2"]
[WhiteElo "2249"]
[BlackElo "2552"]

1.e4 c5 2.Nf3 d6 3.d4 cxd4 4.Nxd4 Nf6 5.Nc3 a6 6.Be3 e5 7.Nb3 Be6 8.f3 Nbd7
9.Qd2 Be7 10.O-O-O O-O 11.g4 b5 12.g5 Nh5 13.Nd5 Bxd5 14.exd5 f5 15.gxf6 Rxf6
16.Na5 Qe8 17.Nc6 Nf4 18.Rg1 Bd8 19.Nxd8 Qxd8 20.Rg4 Qf8 21.Kb1 Rb8 22.c4 b4
23.Rg3 a5 24.Be2 g6 25.Rdg1 Kh8 26.Bd1 Rc8 27.Ba4 Rc7 28.Rc1 Nh5 29.Rg5 Rxf3
30.Bd1 Rf1 31.Bxh5 Rxc1+ 32.Qxc1 gxh5 33.b3 Nc5 34.Bxc5 Rxc5 35.Rg1 Rc7 36.Rf1 Rf7
37.Rxf7 Qxf7 38.c5 dxc5 39.Qxc5 Qf1+ 40.Kc2 Qe2+ 41.Kc1 Qf1+ 42.Kc2 Qg2+
43.Kd1 Qh1+ 44.Ke2 Qg2+ 45.Ke1 Qh1+ 46.Ke2 Qg2+ 47.Ke1  1/2-1/2